| 000 | 00877nam a22002297a 4500 | ||
|---|---|---|---|
| 999 |
_c64485 _d64485 |
||
| 005 | 20240530110734.0 | ||
| 008 | 180415s2007 ua a g b 000 0 ara d | ||
| 017 |
_bمصر. دار الكتب _a2007/7854 |
||
| 020 | _a977437276x | ||
| 040 |
_aEG-CaGPL _cEG-CaGPL |
||
| 082 | 0 | 4 |
_221 _a194\ _bم م |
| 245 | 0 | 0 |
_aمحاورة ديكارت : _bالبحث عن الحقيقة بواسطة النور الطبيعى / _cترجمة وتقديم مجدى عبدالحافظ |
| 260 |
_aالقاهرة : _bالمركز القومى للترجمة ، _c2007 . |
||
| 300 |
_a134 ص. ؛ _c20 سم. |
||
| 600 | 0 | _aديكارت | |
| 650 | 0 | 7 |
_2qrmak _aالديكارتية |
| 650 | 0 | 7 |
_2qrmak _aالفلسفة الحديثة |
| 651 | _2qrmak | ||
| 700 | 0 |
_aمجدى عبدالحافظ _eمترجم _eمقدم |
|
| 942 |
_2ddc _cBK |
||